000 00388 a2200097 4500
245 0 0 _aZłącza i parametry przyłączeniowe urządzeń elektroakustycznych - powszechnego użytku Wymagania PN-86/T-86140 /
_cMin.H i Przem. Maszynowego.
246 1 3 _aPN-86/T-86140
246 1 3 _a621.316.541:621.395/.396
260 _aWarszawa :
_bMin.H i Przem. Maszynowego,
_c1986.
300 _a stron ;
_c30 cm.
650 _aPolska norma
999 _c19917
_d19917